00639nam a2200193Ia 4500008004100000020001400041082001600055100002500071245003700096250000700133260003600140300002700176500001900203600002100222650005000243942000700293952013000300999001500430240925s9999 xx 000 0 und d a672227428 a005.133 BAR aBarkakati, Nabajyoti 4aThe Waite Groups Turbo C++ Bible aNA aLondon:bPrentice, Hallc,1992. axv,344p.bNAfOriginal aIncludes Index aComputer Science aComputer science, information & general works cBK 001040708CSaUITUbUITUd1997-02-17ePrince Book Depotg160.00l0o005.133 BARpQ0916r2024-09-25 07:12:15w2024-09-25yBK c3415d3415